00584nam a22001817a 450000500170000001000150001702000260003203500140005803700130007208200110008510000190009624501090011526000390022427000430026330000340030650000400034070000220038020170216143029.0 aENG-117273 a9789383420742c650.00 aEN-100805 bDBAD/PUB a610.76 aKundu,Debanjan aQuest :cby Debanjan Kundu [and] Simantini Sircarba key to U G surgery,orthopedics and anesthesiology / aKolkatabAcademic publishersc2017 a5A Bhawani dutta lanebKolkatae700073 a viii,540p. :c25cm(pbk)bill aIncludes bibliographical references a Sircar,Simantini